| 000 | 00652nam a2200193Ia 4500 | ||
|---|---|---|---|
| 003 | GCL | ||
| 008 | 140319s9999 xx 000 0 ara d | ||
| 040 |
_aGCL / _cGCL |
||
| 082 | 0 | 4 |
_a537 _bخ ت |
| 100 | 1 |
_aمنشاة المعارف _vSupervisor _@ _اشرا٠|
|
| 245 | 1 | 0 |
_aتبسيط الكهرباء والرموز الاليكترونية / _cمنشاة المعارف |
| 700 | 1 |
_aيوسف الحسن _vClassifier _@ _٠صÙÙ |
|
| 260 |
_a[S.N] : _bيوليوس جروس ، _c1993 |
||
| 300 | _a92 | ||
| 490 |
_aموسوعة المهندس الصغير _v0 |
||
| 650 | 0 | 4 | _aمصر |
| 650 | 0 | 4 | _aالجنسية |
| 942 |
_2ddc _cBK |
||
| 999 |
_c56471 _d56471 |
||